000
00318nam a22001337a 4500
008
170504b xxu||||| |||| 00| 0 eng d
020
_a
9780314923080
041
_a
eng
080
_a
347
100
_a
14
101
_a
SHJ
245
_a
FEDRAL CIVIL JUDICAL PROCEDURE AND RULE
_c
CPLSON.D.C
942
_2
udc
_c
BK
999
_c
12715
_d
12715